LEADER 01664nam a2200325 i 4500 001 000000149300 003 CaOOAMICUS 005 20060329000000.0 008 060329s2006 sz u000 u mul u 013 $a126620 020 $a3-7278-1536-1 020 $a3-525-53010-2 040 $aSeMil$bita 100 1 $aO'Connell, Séamus.$0(OLS)http://semarc/name/58981 245 10$aFrom most ancient sources :$bthe nature and text-critical use of the Greek Old Testament text of the Complutensian Polyglot Bible /$cSéamus O'Connell. 260 $aGöttingen :$bVandenhoeck & Ruprecht,$ccopyr. 2006. 260 $aFribourg :$bAcademic Press,$ccopyr. 2006. 300 $axii, 178 p. :$btab. ;$c23 cm. 490 0 $aOrbis Biblicus et Orientalis ;$v215 500 $aContiene : Bibliography. 650 4$aBibbia - AT - Settanta - Commentari, studi, critica, interpretazioni.$0(OLS)http://semarc/subject/44858 650 4$aBibbia Complutense - AT.$0(OLS)http://semarc/subject/29162 830 0$aOrbis Biblicus et Orientalis ;$v215.$0(OLS)http://semarc/title/283 850 $aSeMil 852 $aSeMil$W1$xVenegono$y1$m2U VI 415$j227962$B101570$CSeMilBibl$Z2$F110205 $81 996 $6020$a3-7278-1536-1$9(OLS)http://semarc/number/138393 996 $6020$a3-525-53010-2$9(OLS)http://semarc/number/138394 996 $6245$aFrom most ancient sources :$bthe nature and text-critical use of the Greek Old Testament text of the Complutensian Polyglot Bible$9(OLS)http://semarc/title/218247 996 $6260$aFribourg :$bAcademic Press$9(OLS)http://semarc/publisher/34196 996 $6260$aGöttingen :$bVandenhoeck & Ruprecht$9(OLS)http://semarc/publisher/29697 LEADER 02010nam a2200289 4500 001 000000331068 003 CaOOAMICUS 005 20181109120336.0 008 181106s2015 sp 000 u mul r 020 $a978-84-16402-51-9 040 $aSeMil$bita 100 1 $aAyuso Torres, Miguel.$0(OLS)http://semarc/name/108368 245 13$aDe matrimonio /$cMiguel Ayuso (Editor) 264 1$aMadrid [etc.] :$bMarcial Pons,$c2015. 300 $a173 p. ;$c22 cm 490 1 $aPrudentia iuris ;$v28 505 0 $aEl matrimonio es una cuestión fundamental de las sociedades y sus ordenamientos jurídicos. Actualmente se «lee» y regula por las legislaciones en manera a veces contradictoria. Pues cada vez con más frecuencia se invocan «reconocimientos» que postulan la ignorancia de su naturaleza y el abandono de tradiciones jurídicas consolidadas. Nuestro tiempo, de modo coherente con la doctrina del vol unitarismo jurídico, quiere ser a este propósito radicalmente innovador. De ahí que los pueblos y legisladores contemporáneos busquen «romper» los lazos con el orden natural, proponiéndose instaurar un orden nuevo. La Unión Internacional de Juristas Católicos ofrece con este trabajo -obra de reputados estudiosos, altos magistrados y juristas particularmente competentes en el asunto- una contribución significativa para la consideración de la «cuestión del matrimonio» sobre la base de la tradición clásica 541 1 $aFondo Card. Angelo Scola 650 4$aMatrimonio - Diritto canonico.$0(OLS)http://semarc/subject/1701 830 0$aPrudentia iuris ;$v28.$0(OLS)http://semarc/title/419483 850 $aSeMil 852 $aSeMil$W1$xVenegono$y1$m2G IV 56$j211204$B224793$CSeMilBibl$Z2$F224793 $81 941 1 $a6 996 $6020$a978-84-16402-51-9$9(OLS)http://semarc/number/285537 996 $6245$aDe matrimonio$9(OLS)http://semarc/title/419728 996 $6264$aMadrid [etc.] :$bMarcial Pons$9(OLS)http://semarc/publisher/57938